[Event "Tourn. n9541"]
[Site "www.chess-mail.com"]
[Date "2017.12.09"]
[Round "1"]
[White "Prize64"]
[Black "Falcoale"]
[WhiteElo "1850"]
[BlackElo "1970"]
[Result "1-0"]
[Round "1"]
1.Ng1f3 c5
2.e4 e6
3.c3 Ng8f6
4.e5 Nf6d5
5.d4 Bf8e7
6.Bf1d3 O-O
7.O-O b6
8.Qd1c2 h6
9.a3 Bc8b7
10.c4 Nd5c7
11.Nb1d2 Nb8c6
12.Nd2b3 f5
13.d5 exd5
14.cxd5 Nc6xe5
15.Nf3xe5 Bb7xd5
16.Bd3xf5 Rf8xf5
17.Qc2xf5 Bd5xb3
18.Bc1xh6 gxh6
19.Qf5g6 Kf8
20.Qg6xh6 Kg8
21.f4 Nc7e6
22.Rf1f3 Be7f8
23.Qh6g6 Ne6g7
24.Rf3xb3 Qd8e8
25.Qg6e4 Ra8d8
26.Qe4d5 Qe8e6
27.Qd5f3 d5
28.Rb3e3 d4
29.Re3e1 Qe6d5
30.Qf3g3 d3
31.Kh1 c4
32.Ra1d1 Qd5d4
33.b3 d2
34.Re1e3 Bf8xa3
35.Ne5xc4 Ba3b4
36.h3 Rd8c8
37.Re3d3 Qd4f6
38.Nc4xd2 Rc8e8
39.Nd2f3 Qf6b2
40.Rd3d7 a5
41.Nf3e5 Bb4f8
42.Qg3g6 Re8e7
43.Rd7xe7 Bf8xe7
44.Qg6f7 Kh7
45.Qf7xe7 Qb2xb3
46.Qe7h4 { resign }
1-0

[Event "Tourn. n9599"]
[Site "www.chess-mail.com"]
[Date "2017.12.09"]
[Round "1"]
[White "Prize64"]
[Black "Norlavuaram"]
[WhiteElo "2000"]
[BlackElo "2140"]
[Result "1-0"]
[Round "1"]
1.e4 e5
2.f4 exf4
3.Ng1f3 d6
4.Bf1c4 h6
5.h4 Ng8f6
6.d3 Bc8g4
7.Bc1xf4 Nb8c6
8.c3 Bf8e7
9.Nb1d2 O-O
10.Qd1c2 Nf6h5
11.Bf4e3 Nc6e5
12.Nf3xe5 dxe5
13.Be3f2 Nh5f4
14.Kf1 Bg4e2
15.Kg1 Be2h5
16.Nd2f3 Kh8
17.Nf3xe5 Be7d6
18.Ne5f3  { time }
1-0

[Event "Tourn. n9493"]
[Site "www.chess-mail.com"]
[Date "2017.12.09"]
[Round "1"]
[White "Ditto"]
[Black "Vios"]
[WhiteElo "1870"]
[BlackElo "1979"]
[Result "0-1"]
[Round "1"]
1.d4 e6
2.c4 d5
3.Bc1f4 Ng8f6
4.e3 Bf8b4
5.Nb1d2 c6
6.Bf1d3 Nb8d7
7.Ng1f3 O-O
8.O-O a6
9.c5 Nf6h5
10.Bf4d6 Rf8e8
11.Nd2b3 f5
12.Nf3e5 Nh5f6
13.Qd1f3 Bb4a5
14.Nb3xa5 Qd8xa5
15.Ne5xd7 Bc8xd7
16.Qf3g3 Nf6e4
17.Bd3xe4 dxe4
18.Bd6e5 Re8e7
19.Be5f6 Re7f7
20.Bf6e5 Bd7e8
21.Be5d6 Rf7d7
22.f3 exf3
23.Rf1xf3 Qa5b5
24.b3 Be8h5
25.Rf3f4 Qb5d3
26.Rf4h4 Bh5e2
27.Ra1e1 Qd3c2
28.Re1a1 a5
29.Rh4h6 a4
30.b4 Qc2b2
31.Ra1e1 Qb2xa2
32.Rh6xe6 Qa2xe6
33.Re1xe2 a3
34.Re2a2 Qe6xa2
35.h3 Qa2b1
36.Kh2 a2
37.Qg3e5 a1Q
38.Qe5e6 Rd7f7
39.Bd6f4 Qb1g1
40.Kg3 Qa1e1
{ resign }
0-1

[Event "Tourn. n9556"]
[Site "www.chess-mail.com"]
[Date "2017.12.09"]
[Round "1"]
[White "Churrasca"]
[Black "Tevere"]
[WhiteElo "1990"]
[BlackElo "1950"]
[Result "0-1"]
[Round "1"]
1.e4 c5
2.Ng1f3 d6
3.d4 cxd4
4.Nf3xd4 Ng8f6
5.Nb1c3 g6
6.Bc1e3 Bf8g7
7.f3 O-O
8.Qd1d2 Nb8c6
9.O-O-O Bc8d7
10.g4 h5
11.h3 Qd8e8
12.g5 Nf6h7
13.Nd4b5 Ra8c8
14.Nc3d5 b6
15.h4 Bg7e5
16.Kb1 Rc8b8
17.f4 Be5g7
18.Bf1e2 Qe8d8
19.Rh1e1 Bd7g4
20.Be2xg4 hxg4
21.h5 gxh5
22.Qd2h2 a6
23.Nb5c7 Qd8c8
24.Nd5xe7 Nc6xe7
25.Nc7d5 Ne7xd5
26.exd5 Qc8f5
27.Qh2xh5 Nh7f6
28.Qh5h4 Nf6xd5
29.Be3c1 Nd5c3
30.bxc3 Qf5b5
31.Bc1b2 Bg7xc3
{ resign }
0-1

[Event "Tourn. n9603"]
[Site "www.chess-mail.com"]
[Date "2017.12.09"]
[Round "1"]
[White "Hansen"]
[Black "Cal"]
[WhiteElo "1540"]
[BlackElo "1670"]
[Result "0-1"]
[Round "1"]
1.Ng1f3 d5
2.h3 Nb8c6
3.a3 h6
4.e3 e5
5.Bf1b5 Bc8d7
6.Bb5xc6 Bd7xc6
7.Nf3xe5 Ng8f6
8.Nb1c3 Bf8d6
9.Ne5f3 a6
10.O-O O-O
11.Nf3h4 Nf6h7
12.Qd1g4 Qd8f6
13.Nh4f5 Nh7g5
14.f4 Ng5e4
15.b4 Ne4xc3
16.Bc1b2 Nc3e2
17.Qg4xe2 Qf6xf5
18.g4 Qf5xc2
19.Bb2d4 Bc6b5
20.Qe2f2 Bb5xf1
21.Kxf1 b6
22.g5 h5
23.f5 a5
24.f6 g6
25.Qf2e2 Qc2f5
26.Ke1 Qf5xh3
27.Kd1 axb4
28.Qe2b5 bxa3
29.Kc2 Qh3f5
30.Kc3 Ra8a5
31.Qb5e2 c5
32.e4 cxd4
33.Kxd4 Bd6c5
34.Kd3 dxe4
35.Kc2 Rf8c8
36.Ra1f1 Bc5f2
37.Kd1 a2
38.Rf1xf2 a1Q
{ resign }
0-1

[Event "Tourn. n9548"]
[Site "www.chess-mail.com"]
[Date "2017.12.09"]
[Round "1"]
[White "Prize64"]
[Black "Falcoale"]
[WhiteElo "1880"]
[BlackElo "2010"]
[Result "1-0"]
[Round "1"]
1.e4 c5
2.Ng1f3 Nb8c6
3.Bf1b5 a6
4.Bb5xc6 bxc6
5.O-O e6
6.d3 a5
7.Nb1c3 Bc8a6
8.b3 d6
9.a4 e5
10.Nf3e1 Ng8f6
11.f4 Bf8e7
12.fxe5 dxe5
13.Qd1f3 O-O
14.Bc1e3 Ba6c8
15.h3 Bc8a6
16.Nc3e2 Ba6b7
17.Ne2g3 Bb7a6
18.Ng3f5 Qd8d7
19.Qf3g3 g6
20.Nf5xe7 Qd7xe7
21.Qg3g5 Nf6d5
22.exd5 Qe7xg5
23.Be3xg5 cxd5
24.Rf1f6 Kg7
25.Rf6f2 f6
26.Bg5d2 Ba6b7
27.Ne1f3 Rf8e8
28.Ra1f1 Re8f8
29.g4 Ra8e8
30.Bd2xa5 Bb7a6
31.Rf1e1 Re8e7
32.g5 e4
33.dxe4 dxe4
34.gxf6 Rf8xf6
35.Ba5c3 Re7f7
36.Re1xe4 Ba6b7
37.Re4e6 Bb7d5
38.Re6xf6 Rf7xf6
39.Nf3d2 { resign }
1-0

[Event "Tourn. n9561"]
[Site "www.chess-mail.com"]
[Date "2017.12.09"]
[Round "1"]
[White "Apdash"]
[Black "Norlavuaram"]
[WhiteElo "2160"]
[BlackElo "2130"]
[Result "1-0"]
[Round "1"]
1.e4 e5
2.Ng1f3 Qd8e7
3.Nb1c3 c6
4.Bf1e2 Ng8f6
5.O-O d6
6.Rf1e1 g6
7.d4 h6
8.Be2c4 Bf8g7
9.h3 O-O
10.Nf3h4 Kh7
11.Nh4f3 Nb8d7
12.a4 Rf8d8
13.Qd1e2 Nd7f8
14.dxe5 dxe5
15.Bc1e3 g5
16.Be3xg5 hxg5
17.Nf3xg5 Kg8
18.Bc4xf7 Kh8
19.Bf7b3 Bc8e6
20.Ng5xe6 Nf8xe6
21.Qe2e3 Ne6d4
22.f4 c5
23.Nc3d5 Nf6xd5
24.exd5 Nd4xb3
25.Qe3xb3 e4
26.Ra1d1 Qe7d6
27.Re1xe4 Bg7d4
28.Re4xd4 cxd4
29.Rd1xd4 Qd6b6
30.Qb3xb6 axb6
31.b3 Ra8a5
32.c4 Ra5c5
33.Kf2 Kg7
34.Rd4e4 Kf7
35.Re4e6 b5
36.axb5 Rd8e8
37.f5  { time }
1-0

[Event "Tourn. n9527"]
[Site "www.chess-mail.com"]
[Date "2017.12.09"]
[Round "1"]
[White "Norlavuaram"]
[Black "Luban"]
[WhiteElo "2070"]
[BlackElo "2100"]
[Result "0-1"]
[Round "1"]
1.e4 c6
2.d4 d5
3.Nb1d2 dxe4
4.Nd2xe4 Bc8f5
5.Ne4g3 Bf5g6
6.Ng1f3 Nb8d7
7.h4 h6
8.Bf1d3 Bg6xd3
9.Qd1xd3 e6
10.Bc1f4 Ng8f6
11.c4 Bf8b4
12.Kf1 Nd7b6
13.a3 Bb4e7
14.Ra1d1 O-O
15.b4 Ra8c8
16.Qd3b1 Nb6xc4
17.Kg1 Nf6d5
18.Bf4c1 Nd5c3
19.Qb1d3 Nc3xd1
20.Qd3xc4 Nd1xf2
21.Kxf2 Be7f6
22.Bc1f4 Qd8d5
23.Qc4xd5 cxd5
24.Bf4d6 Rf8e8
25.Ng3e2 Rc8c2
26.Ke3 Rc2a2
27.b5 Bf6e7
28.Bd6xe7 Re8xe7
29.Rh1c1 Ra2xa3
30.Rc1c3 Ra3a2
31.g4 Ra2b2
32.Rc3c5 b6
33.Rc5c8 Kh7
34.Ne2c3 Rb2b3
35.Nf3d2 Rb3a3
36.Nd2b1 Ra3a1
37.Kd3 a6
38.bxa6 Ra1xa6
39.Nc3b5 e5
40.dxe5 Re7xe5
41.Nb5d6 Ra6a7
42.Nb1c3 Ra7d7
43.Kd4 Re5e1
44.Nd6f5 Re1h1
45.Rc8b8 g6
46.Nf5e3 Rh1xh4
47.Rb8xb6 h5
48.Nc3xd5 Rd7xd5
49.Kxd5 hxg4
50.Rb6f6 Kg7
51.Rf6f4 f5
52.Ke5 Rh4h3
53.Ne3xg4 fxg4
54.Rf4xg4 Kh6
55.Kf4 Rh3a3
56.Rg4h4 Kg7
 { time }
0-1

[Event "Tourn. n9559"]
[Site "www.chess-mail.com"]
[Date "2017.12.09"]
[Round "1"]
[White "Bojan"]
[Black "Norlavuaram"]
[WhiteElo "2020"]
[BlackElo "2130"]
[Result "1-0"]
[Round "1"]
1.e4 e5
2.Ng1f3 Nb8c6
3.d4 exd4
4.Nf3xd4 Bf8c5
5.c3 Ng8e7
6.Bc1e3 Bc5b6
7.Nd4xc6 Ne7xc6
8.Be3xb6 axb6
9.Bf1d3 O-O
10.Qd1f3 Nc6e5
11.Qf3g3 d6
12.Bd3c2 Bc8e6
13.O-O Ra8xa2
14.Ra1xa2 Be6xa2
15.f4 Ne5c6
16.Nb1d2 Ba2e6
17.Nd2f3 Be6c4
18.Rf1f2 Nc6e7
19.b3 Bc4b5
20.Rf2d2 Ne7g6
21.e5 Qd8e7
22.exd6 cxd6
23.c4 Bb5c6
24.Kf2 Qe7f6
25.f5 Bc6xf3
26.Qg3xf3 Ng6e5
27.Qf3xb7 Qf6h4
28.Ke3 Qh4g5
29.Ke2 Qg5h5
30.Ke1 Qh5xh2
31.Rd2e2 Qh2g1
32.Kd2 Qg1d4
33.Ke1 Qd4a1
34.Kf2 Qa1d4
35.Kg3 h5
36.Kh2 Qd4h4
37.Kg1 Ne5g4
38.Re2e7  { time }
1-0

[Event "Tourn. n9587"]
[Site "www.chess-mail.com"]
[Date "2017.12.09"]
[Round "1"]
[White "Luban"]
[Black "Norlavuaram"]
[WhiteElo "2090"]
[BlackElo "2160"]
[Result "1-0"]
[Round "1"]
1.d4 Ng8f6
2.c4 c5
3.e3 cxd4
4.exd4 d5
5.h3 Nb8c6
6.Bc1e3 e6
7.a3 Bf8e7
8.Ng1f3 O-O
9.Nb1c3 Bc8d7
10.Bf1d3 Ra8c8
11.c5 h6
12.O-O Rf8e8
13.b4 Be7f8
14.b5 Nc6b8
15.a4 g6
16.Qd1c2 Bf8g7
17.Nf3e5 Re8e7
18.Rf1c1 Bd7e8
19.a5 Nb8d7
20.Ne5xg6 fxg6
21.Bd3xg6 Be8xg6
22.Qc2xg6 Nd7f8
23.Qg6g3 Qd8e8
24.Be3xh6 Qe8g6
25.Qg3xg6 Nf8xg6
26.Bh6xg7 Kxg7
27.Nc3a4  { time }
1-0

[Event "Tourn. n9560"]
[Site "www.chess-mail.com"]
[Date "2017.12.09"]
[Round "1"]
[White "Norlavuaram"]
[Black "Apdash"]
[WhiteElo "2100"]
[BlackElo "2110"]
[Result "0-1"]
[Round "1"]
1.e4 c5
2.Qd1e2 d6
3.h3 Nb8c6
4.c3 g6
5.Ng1f3 Bf8g7
6.g3 Ng8f6
7.d3 h6
8.Bf1g2 e5
9.O-O O-O
10.Rf1d1 Qd8c7
11.Nb1d2 Bc8e6
12.Nd2f1 Ra8d8
13.g4 Nf6h7
14.Nf1g3 Rd8d7
15.Bc1e3 b6
16.Ra1c1 Be6xa2
17.c4 Ba2b3
18.Rd1f1 b5
19.cxb5 Nc6e7
20.Rc1c3 Bb3a4
21.Rf1a1 Ba4xb5
22.Qe2d2 f5
23.gxf5 gxf5
24.exf5 e4
25.dxe4 Bg7xc3
26.Qd2xc3 d5
27.exd5 Ne7xf5
28.Ng3xf5 Rf8xf5
29.Be3xc5 a6
30.b4 Rd7g7
31.Nf3h4 Rf5f4
32.d6 Qc7d8
33.Nh4f3 Bb5c6
34.Kh2 Rg7xg2
35.Kxg2 Qd8g5
36.Kh2 Qg5d5
37.Ra1g1 Nh7g5
 { time }
0-1

[Event "Tourn. n9591"]
[Site "www.chess-mail.com"]
[Date "2017.12.09"]
[Round "1"]
[White "Chapi"]
[Black "Norlavuaram"]
[WhiteElo "2170"]
[BlackElo "2100"]
[Result "1-0"]
[Round "1"]
1.d4 Ng8f6
2.c4 c5
3.d5 e6
4.dxe6 fxe6
5.g3 Nb8c6
6.Bf1g2 Bf8e7
7.Ng1f3 O-O
8.O-O d5
9.cxd5 exd5
10.Bc1f4 Kh8
11.Nb1c3 b6
12.Nf3e5 Bc8b7
13.e3 Ra8c8
14.Nc3xd5 Nf6xd5
15.Bg2xd5 Be7f6
16.Ne5f7 Rf8xf7
17.Bd5xf7 Bf6xb2
18.Ra1b1 Bb2f6
19.Qd1xd8 Rc8xd8
20.Rf1d1 Rd8f8
21.Rd1d7 Bb7a8
22.Bf7d5  { time }
1-0

[Event "Tourn. n9564"]
[Site "www.chess-mail.com"]
[Date "2017.12.09"]
[Round "1"]
[White "Abuelo"]
[Black "Apdash"]
[WhiteElo "2170"]
[BlackElo "2180"]
[Result "0-1"]
[Round "1"]
1.e4 e5
2.Ng1f3 Nb8c6
3.Bf1b5 d6
4.Bb5xc6 bxc6
5.d3 Bf8e7
6.Bc1e3 Ng8f6
7.h3 Nf6d7
8.Nb1c3 O-O
9.O-O f5
10.exf5 Rf8xf5
11.Nc3e4 d5
12.Ne4g3 Rf5f7
13.Qd1d2 Qd8f8
14.Be3g5 Be7d6
15.Qd2c3 Bc8b7
16.a3 d4
17.Qc3e1 Rf7xf3
18.gxf3 Qf8xf3
19.Qe1e4 c5
20.Qe4xf3 Bb7xf3
21.Rf1e1 h6
22.Bg5d2 Ra8f8
23.Ng3e4 Nd7f6
24.Ne4xd6 cxd6
25.Kh2 g5
26.Re1g1 Kh7
27.Ra1e1 e4
28.Bd2a5 g4
29.Ba5c7 d5
30.Bc7d6 Rf8c8
31.Bd6e5 Nf6d7
32.Be5g3 h5
33.Bg3f4 Kg6
34.hxg4 hxg4
35.Kg3 Rc8h8
36.b3 Rh8h3
{ resign }
0-1

[Event "Tourn. n9652"]
[Site "www.chess-mail.com"]
[Date "2017.12.09"]
[Round "1"]
[White "Pangloss"]
[Black "Apdash"]
[WhiteElo "2159"]
[BlackElo "2230"]
[Result "1-0"]
[Round "1"]
1.e4 c5
2.Ng1f3 d6
3.d4 cxd4
4.Nf3xd4 g6
5.Bc1e3 Bf8g7
6.Nb1c3 Ng8f6
7.f3 O-O
8.Qd1d2 Nb8c6
9.g4 Nc6xd4
10.Be3xd4 e5
11.Bd4e3 Bc8e6
12.O-O-O Qd8a5
13.a3 Rf8d8
14.Kb1 a6
15.Qd2f2 Nf6d7
16.h4 Rd8c8
17.Nc3d5 Be6xd5
18.Rd1xd5 Qa5c7
19.h5 b5
20.hxg6 fxg6
21.g5 Nd7f8
22.Bf1h3 Rc8e8
23.Rh1d1 b4
24.axb4 a5
25.Be3b6 Qc7e7
26.bxa5 Qe7xg5
27.Rd5xd6 Qg5e7
28.Qf2c5 Qe7h4
29.Qc5d5 Kh8
30.Bh3f1 h5
31.Bf1c4 Nf8h7
32.Rd6xg6 Nh7f6
33.Qd5f7 { resign }
1-0

[Event "Tourn. n9563"]
[Site "www.chess-mail.com"]
[Date "2017.12.09"]
[Round "1"]
[White "Prize64"]
[Black "Falcoale"]
[WhiteElo "1950"]
[BlackElo "2020"]
[Result "1-0"]
[Round "1"]
1.e4 c5
2.Ng1f3 e6
3.c3 Nb8c6
4.d4 cxd4
5.cxd4 Ng8f6
6.Nb1c3 Bf8b4
7.Bf1d3 O-O
8.O-O h6
9.h3 b6
10.e5 Nf6d5
11.Nc3e4 Nd5e7
12.a3 Bb4a5
13.b4 Nc6xb4
14.axb4 Ba5xb4
15.Bc1a3 Bb4xa3
16.Ra1xa3 Ne7d5
17.Nf3d2 f5
18.Ne4d6 Nd5c7
19.Qd1h5 Nc7d5
20.Rf1a1 Nd5f4
21.Qh5f3 Qd8g5
22.Nd2c4 Nf4xd3
23.Qf3xd3 b5
24.Nc4b6 Ra8b8
25.Nb6xc8 Rb8xc8
26.Nd6xc8 Rf8xc8
27.Ra3xa7 b4
28.Ra7a8 Rc8xa8
29.Ra1xa8 Kf7
30.Qd3b5 Qg5c1
31.Qb5f1 Qc1d2
32.Qf1a1 g5
33.Ra8a2 Qd2d3
34.Qa1b2 g4
35.hxg4 fxg4
36.Qb2xb4 h5
37.Ra2a7 h4
38.Ra7xd7 Kg6
39.Qb4e1 h3
40.Rd7b7 hxg2
41.Qe1b1 { resign }
1-0

[Event "Tourn. n9590"]
[Site "www.chess-mail.com"]
[Date "2017.12.09"]
[Round "1"]
[White "Geretree"]
[Black "Mitja"]
[WhiteElo "1940"]
[BlackElo "1930"]
[Result "1/2-1/2"]
[Round "1"]
1.e4 d5
2.exd5 Qd8xd5
3.Nb1c3 Qd5d8
4.d4 e6
5.Ng1f3 h6
6.Bf1c4 c6
7.a3 Ng8f6
8.Bc1e3 Nf6d5
9.Bc4xd5 cxd5
10.Qd1d3 a6
11.Nf3e5 Bf8e7
12.O-O Be7f6
13.Rf1e1 O-O
14.Nc3e2 Nb8d7
15.Be3f4 Rf8e8
16.Ne2g3 Bf6g5
17.Bf4xg5 Qd8xg5
18.Ne5f3 Qg5f6
19.Ng3h5 Qf6g6
20.Qd3xg6 fxg6
21.Nh5f4 Kf7
22.Nf3e5 Nd7xe5
23.dxe5 g5
24.Nf4d3 Bc8d7
{ draw }
1/2-1/2

[Event "Tourn. n9628"]
[Site "www.chess-mail.com"]
[Date "2017.12.09"]
[Round "1"]
[White "Norlavuaram"]
[Black "Joaodelisboa"]
[WhiteElo "2100"]
[BlackElo "2170"]
[Result "0-1"]
[Round "1"]
1.e4 c5
2.Ng1f3 e6
3.d4 cxd4
4.Nf3xd4 Ng8f6
5.Bf1d3 Nb8c6
6.Nd4xc6 dxc6
7.O-O Bf8e7
8.Bc1e3 O-O
 { time }
0-1

[Event "Tourn. n9591"]
[Site "www.chess-mail.com"]
[Date "2017.12.09"]
[Round "1"]
[White "Norlavuaram"]
[Black "Andychesston"]
[WhiteElo "2100"]
[BlackElo "2070"]
[Result "0-1"]
[Round "1"]
1.e4 e5
2.Ng1f3 Nb8c6
3.Bf1b5 d6
4.h3 Bc8d7
5.c3 Ng8f6
6.d3 Bf8e7
7.O-O O-O
8.Rf1e1 a6
9.Bb5a4 b5
10.Ba4b3 Nc6a5
11.Bb3c2 c5
12.Nb1d2 Nf6h5
13.Nd2f1 Bd7e6
14.Nf1e3 f5
15.d4 f4
 { time }
0-1

[Event "Tourn. n9628"]
[Site "www.chess-mail.com"]
[Date "2017.12.09"]
[Round "1"]
[White "Norlavuaram"]
[Black "Vios"]
[WhiteElo "2100"]
[BlackElo "2230"]
[Result "0-1"]
[Round "1"]
1.e4 d5
2.exd5 Ng8f6
3.Nb1c3 e6
4.dxe6 Bc8xe6
5.Ng1f3 Nb8c6
6.Bf1e2 Bf8c5
7.O-O Qd8d7
 { time }
0-1

[Event "Tourn. n9628"]
[Site "www.chess-mail.com"]
[Date "2017.12.09"]
[Round "1"]
[White "Guidom"]
[Black "Norlavuaram"]
[WhiteElo "2170"]
[BlackElo "2100"]
[Result "1-0"]
[Round "1"]
1.e4 e5
2.Ng1f3 Nb8c6
3.Bf1b5 a6
4.Bb5a4 Ng8f6
5.d3 b5
6.Ba4b3 Bf8e7
7.c3 d6
8.O-O  { time }
1-0

[Event "Match"]
[Site "www.echecsemail.com"]
[Date "2017.12.09"]
[Round "1"]
[White "Canario"]
[Black "Apdash"]
[WhiteElo "1900"]
[BlackElo "2230"]
[Result "0-1"]
[Round "1"]
1.e4 e5
2.Ng1f3 Nb8c6
3.Bf1c4 Bf8c5
4.Nb1c3 Ng8f6
5.d3 a6
6.a3 h6
7.h3 d6
8.Bc4d5 O-O
9.Bc1d2 Nf6xd5
10.Nc3xd5 Nc6e7
11.Qd1c1 Ne7xd5
12.exd5 f5
13.Bd2xh6 gxh6
14.Qc1xh6 Qd8f6
15.Qh6d2 e4
16.Qd2g5 Qf6xg5
17.Nf3xg5 exd3
18.cxd3 Rf8e8
19.Kd2 Bc5xf2
20.Rh1f1 Bf2e3
21.Kc2 Be3xg5
22.b4 Bc8d7
23.Kc3 Re8e3
24.Kd4 Ra8e8
25.Ra1d1 Re3g3
26.Kc4 Rg3xg2
27.Kb3 Re8e2
28.Rd1b1 b5
29.Rf1c1 Bg5xc1
30.Rb1xc1 Re2b2
31.Kc3 f4
32.Rc1f1 Rb2f2
33.Rf1h1 Rg2g3
34.h4 Rf2f3
35.Rh1d1 Bd7f5
{ resign }
0-1

[Event "Match"]
[Site "www.echecsemail.com"]
[Date "2017.12.09"]
[Round "1"]
[White "Caspito"]
[Black "Whitekknight"]
[WhiteElo "1950"]
[BlackElo "1930"]
[Result "0-1"]
[Round "1"]
1.e4 e5
2.Ng1f3 Nb8c6
3.Bf1c4 h6
4.c3 Ng8f6
5.d4 exd4
6.Nf3xd4 Nc6e5
7.Qd1b3 Ne5xc4
8.Qb3xc4 Bf8e7
9.Nd4f5 O-O
10.e5 Nf6h7
11.Bc1xh6 gxh6
12.Nf5xh6 Kg7
13.Nh6f5 Kh8
14.Nb1d2 Be7g5
15.Nd2f3 d5
16.exd6 Bc8xf5
17.Nf3xg5 Nh7xg5
18.Qc4h4 Kg8
19.Qh4g3 Rf8e8
20.Kf1 Bf5g6
21.dxc7 Qd8e7
22.f4 Ng5e4
23.Qg3e3 Qe7xc7
24.g3 Qc7d8
25.Kg2 Kg7
26.Ra1d1 Ne4d6
27.Qe3d4 f6
28.Qd4xd6 Bg6e4
29.Kg1 Be4xh1
30.Kxh1 Re8e1
{ resign }
0-1

[Event "Match"]
[Site "www.echecsemail.com"]
[Date "2017.12.09"]
[Round "1"]
[White "Stevep84"]
[Black "Caspito"]
[WhiteElo "2230"]
[BlackElo "1980"]
[Result "1-0"]
[Round "1"]
1.e4 e5
2.Ng1f3 Nb8c6
3.Bf1b5 a6
4.Bb5xc6 dxc6
5.O-O Bc8g4
6.h3 Bg4h5
7.g4 Bh5g6
8.d3 Bf8d6
9.Bc1e3 c5
10.Nb1d2 Ng8e7
11.Be3g5 f6
12.Bg5e3 Qd8d7
13.Nf3h4 h5
14.Nh4f5 Bg6xf5
15.exf5 g6
16.Nd2e4 Rh8f8
17.Be3h6 Rf8f7
18.fxg6 Ne7xg6
19.Bh6g7 O-O-O
20.Bg7xf6 Rd8g8
21.f3 Ng6f4
22.Kh2 hxg4
23.fxg4 Rf7h7
24.Rf1xf4 exf4
25.Kg2 Rg8g6
26.Bf6g5 Bd6e5
27.c3 Rh7f7
28.Qd1f3 Qd7c6
29.h4 b6
30.h5 Rg6g8
31.Ne4d6 Qc6xd6
32.Qf3a8 Kd7
33.Qa8xg8 Rf7f8
34.Qg8h7 Kc8
35.Kf3 Kb7
36.Qh7e4 Ka7
37.h6 Rf8h8
38.Ra1h1 a5
39.h7 b5
40.Rh1h6 { resign }
1-0

[Event "Match"]
[Site "www.echecsemail.com"]
[Date "2017.12.09"]
[Round "1"]
[White "Micheles"]
[Black "Biohazard"]
[WhiteElo "2510"]
[BlackElo "1829"]
[Result "0-1"]
[Round "1"]
1.d4 e6
2.Ng1f3 Bf8e7
3.Bc1f4 Ng8f6
4.h3 d5
5.e3 O-O
6.Bf1d3 c5
7.c3 Nb8c6
8.Nb1d2 c4
9.Bd3c2 b5
10.a3 Bc8b7
11.O-O a5
12.e4 b4
13.Rf1e1 Nf6h5
14.Bf4h2 b3
15.Bc2b1 g6
16.Nd2f1 f5
17.exf5 exf5
18.Nf1e3 a4
19.Nf3e5 Nh5g7
20.Ne3f1 Be7g5
21.Ne5f3 f4
22.Nf1d2 Bg5h6
23.Nf3e5 Nc6xe5
24.Re1xe5 Ra8a6
25.Nd2f3 Ra6e6
26.Qd1d2 Re6xe5
27.Nf3xe5 Qd8g5
28.Ne5g4 Bb7c8
29.Ng4xh6 Qg5xh6
30.f3 g5
31.Kf1 Rf8e8
32.Qd2f2 Bc8xh3
33.gxh3 Qh6xh3
{ resign }
0-1

[Event "Match"]
[Site "www.echecsemail.com"]
[Date "2017.12.09"]
[Round "1"]
[White "Pinehill"]
[Black "Paco"]
[WhiteElo "2070"]
[BlackElo "2000"]
[Result "0-1"]
[Round "1"]
1.e4 e5
2.d4 Nb8c6
3.d5 Nc6a5
4.Bc1d2 c6
5.b4 cxd5
6.exd5 Qd8f6
7.bxa5 Bf8c5
8.c4 Qf6xf2
{ resign }
0-1

[Event "Match"]
[Site "www.echecsemail.com"]
[Date "2017.12.09"]
[Round "1"]
[White "Pangloss"]
[Black "Caspito"]
[WhiteElo "1809"]
[BlackElo "1940"]
[Result "1-0"]
[Round "1"]
1.e4 e5
2.f4 exf4
3.Ng1f3 d6
4.Bf1c4 Bc8g4
5.Nb1c3 Ng8f6
6.d3 Nf6h5
7.g3 fxg3
8.Nf3e5 dxe5
9.Qd1xg4 Nh5f6
10.Qg4xg3 Qd8e7
11.Bc1g5 h6
12.Nc3d5 Qe7d6
13.Nd5xf6 gxf6
14.Bg5h4 Nb8d7
15.O-O-O Bf8e7
16.Rh1g1 O-O-O
17.Bc4xf7 Qd6a6
18.Qg3h3 c6
19.Qh3e6 Be7a3
20.bxa3 Qa6xa3
21.Kb1 Kc7
22.Qe6b3 Qa3xb3
23.axb3 a5
24.Rg1g7 Kd6
25.Rd1f1 Ke7
26.Bf7h5 Kf8
27.Rg7f7 Kg8
28.Rf1g1 
1-0

[Event "Match"]
[Site "www.echecsemail.com"]
[Date "2017.12.09"]
[Round "1"]
[White "Ketchuplover"]
[Black "Susov"]
[WhiteElo "1940"]
[BlackElo "1770"]
[Result "1/2-1/2"]
[Round "1"]
1.Ng1f3 Nb8c6
2.d4 d5
3.a3 Ng8f6
4.e3 Bc8f5
5.b4 a6
6.Nb1d2 e6
7.Bf1e2 Bf8d6
8.O-O Nf6e4
9.Nd2xe4 Bf5xe4
10.Bc1b2 b5
11.c3 h6
12.g3 Nc6e7
13.Be2d3 Ne7c8
14.Qd1c2 Be4xf3
15.e4 dxe4
16.Bd3xe4 Bf3xe4
17.Qc2xe4 Nc8b6
18.Ra1d1 Nb6c4
19.Qe4c6 Ke7
20.Bb2c1 Qd8d7
21.Qc6xd7 Kxd7
22.f4 f5
23.d5 e5
24.fxe5 Bd6xe5
25.Rf1xf5 Rh8f8
26.Rf5xf8 Ra8xf8
27.Rd1d3 Rf8e8
28.Kf2 Nc4d6
29.Kg2 g5
30.h3 Nd6f7
31.Bc1d2 Kd6
32.Bd2e3 Be5f6
33.Be3c5 Kd7
34.Rd3f3 Re8e2
35.Kf1 Re2a2
36.Rf3xf6 Ke8
37.Rf6xa6 Ra2h2
38.Ra6a8 Kd7
39.Ra8b8 Rh2xh3
40.Kg2 g4
41.Rb8xb5 Nf7e5
42.Bc5g1 Ne5c4
43.Rb5a5 Nc4xa5
44.bxa5 Kc8
45.c4 Kb7
46.Bg1c5 Rh3h5
47.Kf2 c6
48.dxc6 Kxc6
49.Bc5b4 Rh5e5
50.Bb4d2 Re5e4
51.Bd2xh6 Re4xc4
52.Bh6f8 { draw }
1/2-1/2

[Event "Match"]
[Site "www.echecsemail.com"]
[Date "2017.12.09"]
[Round "1"]
[White "Paco"]
[Black "Mystakerchon"]
[WhiteElo "1940"]
[BlackElo "1389"]
[Result "1-0"]
[Round "1"]
1.e4 e5
2.Ng1f3 Nb8c6
3.Bf1c4 Bf8c5
4.d3 Ng8f6
5.Nf3g5 d5
6.exd5 Nf6xd5
7.Qd1f3 Nc6e7
8.Ng5xf7 Qd8d7
9.Nf7xh8 b5
10.Qf3f7 Kd8
11.Bc4xd5 { resign }
1-0

[Event "1/32 Finale"]
[Site "www.chess-mail.com"]
[Date "2017.12.09"]
[Round "1"]
[White "Szustan"]
[Black "Asoka"]
[WhiteElo "2510"]
[BlackElo "2710"]
[Result "1/2-1/2"]
[Round "1"]
1.e4 e5
2.Ng1f3 Nb8c6
3.Nb1c3 Ng8f6
4.d4 exd4
5.Nc3d5 Bf8c5
6.Bc1g5 Bc5e7
7.Bg5f4 d6
8.Nf3xd4 O-O
9.Nd4b5 Nf6xd5
10.exd5 Nc6e5
11.Bf1e2 Ne5g6
12.Bf4g3 Be7f6
13.c3 h5
14.Be2xh5 Rf8e8
15.Kf1 Ng6e7
16.h4 Bc8d7
17.Bh5e2 Qd8c8
18.Qd1d2 a6
19.Nb5a3 Ne7f5
20.Bg3f4 Nf5xh4
21.Ra1e1 Ra8b8
22.Na3c2 Nh4g6
23.Bf4e3 Bd7f5
24.Be3d4 Bf6xd4
25.Nc2xd4 Bf5e4
26.c4 Qc8d8
27.b3 Qd8f6
28.f3 Re8e5
29.Re1d1 Rb8e8
30.Kg1 Be4f5
31.Be2f1 Re5e3
32.Qd2f2 Qf6g5
33.g3 Re3c3
34.Rh1h2 Rc3e3
35.Rh2h1 { draw }
1/2-1/2

[Event "Tourn. n9561"]
[Site "www.chess-mail.com"]
[Date "2017.12.10"]
[Round "1"]
[White "Norlavuaram"]
[Black "Tonino1"]
[WhiteElo "2130"]
[BlackElo "2210"]
[Result "0-1"]
[Round "1"]
1.e4 d6
2.Qd1e2 g6
3.h3 Bf8g7
4.Ng1f3 c6
5.g3 Qd8c7
6.Bf1g2 e5
7.d3 Ng8f6
8.O-O O-O
9.Rf1d1 h6
10.Nb1d2 Bc8e6
11.Nd2f1 Qc7d7
12.g4 Nb8a6
13.Nf1g3 Nf6e8
14.c3 Ra8c8
15.Bc1e3 b6
16.Nf3h2 Ne8c7
17.Qe2d2 Kh7
18.f4 exf4
19.Be3xf4 Bg7e5
20.d4 Be5xf4
21.Qd2xf4 f5
22.exf5 gxf5
23.Ng3xf5 Be6xf5
24.gxf5 Nc7d5
25.Bg2xd5 cxd5
26.Rd1f1 Rf8g8
27.Kh1 Rc8f8
28.Nh2g4 Rg8g5
29.f6 Na6c7
30.Ra1e1 Nc7e6
31.Qf4f2 h5
32.Qf2c2 Kh8
33.Qc2d2 hxg4
34.Re1xe6 Rg5h5
35.Re6e7 Rh5xh3
36.Kg2 Qd7d8
37.Qd2g5 Rf8g8
38.Re7g7 Qd8c8
 { time }
0-1

[Event "Tourn. n9561"]
[Site "www.chess-mail.com"]
[Date "2017.12.10"]
[Round "1"]
[White "Bojan"]
[Black "Norlavuaram"]
[WhiteElo "2010"]
[BlackElo "2130"]
[Result "1-0"]
[Round "1"]
1.e4 e5
2.Ng1f3 Qd8e7
3.c4 d6
4.Nb1c3 c6
5.h3 Ng8f6
6.d3 h6
7.Nf3h2 g6
8.f4 Bf8g7
9.Bc1e3 O-O
10.Bf1e2 Rf8d8
11.Nh2f3 Nb8d7
12.Qd1d2 Kh7
13.Ra1b1 Nd7f8
14.Nf3h2 b6
15.Nh2g4 h5
16.fxe5 dxe5
17.Be3h6 Nf6xg4
18.Bh6xg7 Kxg7
19.hxg4 g5
20.Rh1xh5 f6
21.Kf2 Nf8g6
22.a3 Rd8h8
23.Rh5xh8 Kxh8
24.g3 Kg7
25.Rb1h1 Bc8e6
26.Qd2d1 Ra8h8
27.Rh1xh8 Ng6xh8
28.b4 Nh8f7
29.Qd1a4 Qe7d7
30.Nc3d1 Qd7d4
31.Kg2 Qd4d7
32.Nd1e3 Nf7h6
33.Qa4c2 Nh6xg4
34.Kf3 Ng4xe3
35.Kxe3 Qd7d4
36.Kf3  { time }
1-0

[Event "Tourn. n9578"]
[Site "www.chess-mail.com"]
[Date "2017.12.10"]
[Round "1"]
[White "Odin"]
[Black "Aiko1603"]
[WhiteElo "1840"]
[BlackElo "2020"]
[Result "0-1"]
[Round "1"]
1.d4 e6
2.Ng1f3 g6
3.e4 Bf8g7
4.e5 Nb8c6
5.Nb1d2 d6
6.Bf1b5 Bc8d7
7.c4 a6
8.Bb5a4 Ng8e7
9.exd6 cxd6
10.O-O O-O
11.Ba4xc6 Bd7xc6
12.Ra1b1 b5
13.b3 Ra8b8
14.Bc1b2 Qd8a5
15.a3 Bc6xf3
16.Nd2xf3 bxc4
17.b4 Qa5c7
18.Rf1e1 d5
19.Nf3e5 f6
20.Ne5f3 Qc7d6
21.Bb2c3 Ne7f5
22.a4 Rf8e8
23.b5 axb5
24.Bc3b4 Qd6c6
25.Bb4c5 bxa4
26.Rb1a1 Rb8a8
27.h3 Bg7f8
28.Bc5xf8 Kxf8
29.Nf3h2 Qc6b6
30.Nh2g4 Kg7
31.Ra1b1 Qb6a7
32.Re1e2 Nf5xd4
33.Re2b2 Nd4b3
34.Qd1f3 Qa7d4
35.Rb1d1 Qd4xb2
36.Qf3f4 Re8f8
37.Qf4h6 Kh8
38.Rd1e1 Nb3c5
39.Qh6h4 a3
40.Kh2 a2
41.Ng4h6 a1Q
{ resign }
0-1